Una vita /

Salvato in:
Dettagli Bibliografici
Autore principale: Svevo, Italo (Autore)
Natura: Libro
Lingua:italiano
Pubblicazione: La Spezia : Fratelli Melita, 1988
Serie:I capolavori della letteratura
Tags: Aggiungi Tag
Nessun Tag, puoi essere il primo ad aggiungerne!!

MARC

LEADER 00000nam a22000007i 4500
001 IT\ICCU\MOD\0167672
003 ItRI
005 20251021194542.0
008 010330s1988 it |||||| ||||| |||||c
020 |a 8840360719 
040 |b ita  |c Arcigay Viterbo 
041 7 |a ita  |2 ISO-639-2 
100 1 |a Svevo, Italo  |0 IT\ICCU\CFIV\007334  |4 aut 
240 1 4 |a Una vita  |9 Svevo, Italo 
245 1 4 |a Una vita /  |c Italo Svevo. 
260 |a La Spezia :  |b Fratelli Melita,  |c 1988 
300 |a [16], 259 p. ;  |c 22 cm 
830 2 |a I capolavori della letteratura  |0 IT\ICCU\RMS\2533296 
942 |2 ddc  |c BK  |n 0 
952 |0 0  |1 0  |2 ddc  |4 0  |6 853_912000000000000_SVE_VIT  |7 0  |9 9817  |a VT  |b VT  |d 2025-10-21  |e Dono della Biblioteca Consorziale di Viterbo  |i B356  |l 0  |o 853.912 SVE VIT  |p B356  |r 2025-10-21 19:46:27  |w 2025-10-21  |y BK  |z Dono della Biblioteca Consorziale di Viterbo 
981 1 |6 z01  |a i   |b xxxe  
982 1 |6 z01  |a n 
999 |c 8183  |d 8183